Мои пять жизней (Запись № 11800383)

Подробности
000 -МАРКЕР
контрольное поле 01604nam0a2200337 4500
001 - ИДЕНТИФИКАТОР ЗАПИСИ
контрольное поле RU\NLR\BIBL_A\012080407
005 - ИДЕНТИФИКАТОР ВЕРСИИ
контрольное поле 20190920142421.0
010 ## - МЕЖДУНАРОДНЫЙ СТАНДАРТНЫЙ НОМЕР КНИГИ (ISBN)
Номер (ISBN) 978-5-94881-449-0
Тираж 500
021 ## - НОМЕР ГОСУДАРСТВЕННОЙ РЕГИСТРАЦИИ
Код страны Российская Федерация
Номер КН-П-19-053997
Номер Листа государственной регистраци КН-П-19-3890
035 ## - ДРУГИЕ СИСТЕМНЫЕ НОМЕРА
Идентификатор записи (NLR Aleph) 012080407
035 ## - ДРУГИЕ СИСТЕМНЫЕ НОМЕРА
Идентификатор записи (RuMoRGB)010045207
100 ## - ДАННЫЕ ОБЩЕЙ ОБРАБОТКИ
Данные общей обработки 20190823d2019 u y0rusy50 ca
101 0# - ЯЗЫК РЕСУРСА
Язык текста, звукозаписи и т.д. русский
102 ## - СТРАНА ПУБЛИКАЦИИ ИЛИ ПРОИЗВОДСТВА
Страна публикации Российская Федерация
105 ## - ПОЛЕ КОДИРОВАННЫХ ДАННЫХ: ТЕКСТОВЫЕ МАТЕРИАЛЫ, МОНОГРАФИЧЕСКИЕ
Кодированные данные о монографическом текстовом документе ch|z|||000z
200 1# - ЗАГЛАВИЕ И СВЕДЕНИЯ ОБ ОТВЕТСТВЕННОСТИ
Основное заглавие Мои пять жизней
Сведения, относящиеся к заглавию воспоминания
Первые сведения об ответственности Екатерина Мышкис
Последующие сведения об ответственности [подготовил: Григорий Израилевич Ганзбург]
210 ## - ПУБЛИКАЦИЯ, РАСПРОСТРАНЕНИЕ И ДР.
Место издания, распространения и т.д. Москва
Имя издателя, распространителя и т. д. Новый хронограф
Дата издания, распространения и т.д. 2019
215 ## - ФИЗИЧЕСКАЯ ХАРАКТЕРИСТИКА
Специфическое обозначение материала и объем 662, [1] с., [8] л. ил., портр., факс.
Размеры 23
225 1# - СЕРИЯ
Основное заглавие серии От первого лица
Сведения, относящиеся к заглавию история России в воспоминаниях, дневниках, письмах
320 ## - ПРИМЕЧАНИЯ О НАЛИЧИИ В ДОКУМЕНТЕ БИБЛИОГРАФИИ / УКАЗАТЕЛЯ
Текст примечания Библиогр. в подстроч. примеч.
600 #1 - ИМЯ ЛИЦА КАК ПРЕДМЕТ
Начальный элемент ввода Мышкис
Часть имени, кроме начального элемента ввода Е. Д.
Даты 1924 - 2014
Расширение инициалов личного имени Екатерина Дмитриевна
Формальный подзаголовок Воспоминания, записки и т.п
Системный номер авторитетной/нормативной записи 2423327
Идентификатор авторитетной/нормативной записи RU\NLR\AUTH\6601661517
686 1# - ИНДЕКСЫ ДРУГИХ КЛАССИФИКАЦИЙ
Индекс Т1(2)74-8
686 1# - ИНДЕКСЫ ДРУГИХ КЛАССИФИКАЦИЙ
Индекс Ч489.24(2Ук)7-8Мышкис
700 #1 - ИМЯ ЛИЦА - ПЕРВИЧНАЯ ОТВЕТСТВЕННОСТЬ
Начальный элемент ввода Мышкис
Часть имени, кроме начального элемента ввода Е. Д.
Даты 1924-2014
Расширение инициалов личного имени Екатерина Дмитриевна
702 #1 - ИМЯ ЛИЦА - ВТОРИЧНАЯ ОТВЕТСТВЕННОСТЬ
Код отношения Прочие
Графика поля Кириллица
Материалы, к которым относится поле rus
Начальный элемент ввода Ганзбург
Часть имени, кроме начального элемента ввода Г. И.
Даты 1954-
Расширение инициалов личного имени Григорий Израилевич
Системный номер авторитетной/нормативной записи 50631
Идентификатор авторитетной/нормативной записи RU\NLR\AUTH\7767703
942 ## - ДОПОЛНИТЕЛЬНЫЕ ЭЛЕМЕНТЫ ЗАПИСИ (АБИС)
Тип экземпляра АБИС Книга
980 ## - КОЛЛЕКЦИЯ
Название коллекции НБР
980 ## - КОЛЛЕКЦИЯ
Название коллекции Национальная библиография

Нет доступных экземпляров.